Universidades reflexivas : una perspectiva filosófica /
Planteamiento que evalúa los retos actuales de la universidad frente al discurso centrado en la calidad, que responde tan sólo a esquemas de instrumentalización social. El autor sustenta sus argumentos a partir de la reflexividad hermenéutica, la psicología culturalista, los enfoques de la investiga...
Đã lưu trong:
| Tác giả chính: | |
|---|---|
| Định dạng: | Sách |
| Ngôn ngữ: | Tiếng Tây Ban Nha |
| Được phát hành: |
Barcelona, España :
Laertes,
2005, c2005
|
| Loạt: | (Laertes ; Educación)
114. |
| Những chủ đề: | |
| Các nhãn: |
Không có thẻ, Là người đầu tiên thẻ bản ghi này!
|
MARC
| LEADER | 00000nam^a2200000^a^4500 | ||
|---|---|---|---|
| 001 | 000186920 | ||
| 005 | 20250521000000.0 | ||
| 009 | 20260310102243.861 | ||
| 020 | |a 84-7584-552-5 | ||
| 037 | |a Acervo ITESO - Biblioteca | ||
| 041 | |a ESP | ||
| 082 | |a 378. 001 |b EST | ||
| 100 | |a Esteban Ortega, Joaquín |e (autor) | ||
| 245 | 1 | 0 | |a Universidades reflexivas : |b una perspectiva filosófica / |c J. Esteban Ortega ; pról. de Agustín Escolano Benito. |
| 264 | 4 | |a Barcelona, España : |b Laertes, |c 2005, c2005 | |
| 300 | |a 237 p. | ||
| 336 | |a texto |b txt |2 rdacontenido | ||
| 337 | |a sin mediación |b n |2 rdamedio | ||
| 338 | |a volumen |b nc |2 rdasoporte | ||
| 440 | 1 | |a (Laertes ; |v 114. |p Educación) | |
| 520 | |a Planteamiento que evalúa los retos actuales de la universidad frente al discurso centrado en la calidad, que responde tan sólo a esquemas de instrumentalización social. El autor sustenta sus argumentos a partir de la reflexividad hermenéutica, la psicología culturalista, los enfoques de la investigación-acción reflexiva y la antropología de la educación. | ||
| 649 | |a XX | ||
| 650 | |a Epistemología de la Educación | ||
| 650 | |a Antropología Filosófica | ||
| 650 | |a Axiología de la Educación | ||
| 650 | |a Hermenéutica | ||
| 650 | |a Investigación-Acción | ||
| 650 | |a Educación y Sociedad | ||
| 650 | |a Universidades | ||
| 650 | |a Educación Superior | ||
| 650 | |a Psicología Social | ||
| 650 | |a Sociología de la Educación | ||
| 650 | |a Filosofía de la Educación | ||
| 910 | |a Fondo General | ||
| 920 | |a Impresos - Libros | ||
| 930 | |a Colección General | ||
| 905 | |a 101 | ||
| 901 | |a 0500128805 |b IT1 |c ACC |u 20250521 | ||
| 902 | |a https://opac.biblio.iteso.mx/vufind/Record/000186920 | ||